000 00831nam a2200229Ia 4500
001 2493
003 GE_BSU
008 181216s||||||||xx |||||||||||||| ||und||
020 _a999289346
040 _cGE_BSU
080 _a614(479.22)(072)
100 _aურუშაძე,რამაზ
245 _aსაზოგადოებრივი ჯანდაცვა.
245 _bქართული მედიცინის განვითარების მიმართულებები(მეთოდური სახელმძღვანელო.
260 _aთბილისი.
260 _bლეგა
260 _c2002
300 _a592გვ;20სმ.
541 _h20ლ.
653 _aსაზოგადოებრივი ჯანდაცვა.
942 _cBK
999 _c36574
_d36574